Bách khoa toàn thư bệnh học Tập 2
Sắp xếp từ A đến X các chứng bệnh thông thường, nguy hiểm về triệu chứng, nguyên nhân và cách điều trị.
Đã lưu trong:
| Tác giả chính: | |
|---|---|
| Định dạng: | Sách |
| Năm xuất bản: |
H.
Trung tâm quốc gia biên soạn từ điển bách khoa Việt Nam
1994
|
| Chủ đề: | |
| Tags: |
Thêm thẻ
Không có thẻ, Hãy là người đầu tiên gắn thẻ bản ghi này!
|
| LEADER | 00821nam a2200169 4500 | ||
|---|---|---|---|
| 082 | |a 616.003 |b B102kh. | ||
| 100 | |a Đào Ngọc Phong | ||
| 245 | |a Bách khoa toàn thư bệnh học |c Đào Ngọc Phong, Lê Xuân Trung, Đỗ Đức Vân,... |n Tập 2 | ||
| 260 | |a H. |b Trung tâm quốc gia biên soạn từ điển bách khoa Việt Nam |c 1994 | ||
| 300 | |a 501tr. |c 27cm | ||
| 520 | |a Sắp xếp từ A đến X các chứng bệnh thông thường, nguy hiểm về triệu chứng, nguyên nhân và cách điều trị. | ||
| 653 | |a Y học | ||
| 653 | |a Bệnh học | ||
| 653 | |a Bách khoa thư | ||
| 942 | |2 ddc |c SH | ||
| 999 | |c 5775 |d 5775 | ||
| 952 | |0 0 |1 0 |2 ddc |4 0 |6 616_003000000000000_B102KH |7 0 |8 600 |9 52717 |a qbu |b qbu |c D3 |d 2014-12-29 |g 100000 |o 616.003 B102kh. |p 5829.c1 |r 0000-00-00 |w 2014-12-29 |y SH |0 0 |6 616_003000000000000_B102KH | ||